000 00378nam a2200157Ia 4500
008 230312s9999||||xx |||||||||||||| ||und||
020 _a0-7020-3027-7
082 _a617.17
_bMAC-T
100 _aMacdonald;Rose
245 0 _aTaping Techniques
260 _bElsevier
_aChina
_c2010
300 _a235
546 _aEng.
650 _aPhysiotherapy
_vTaping Techniques
942 _cBK
999 _c7888
_d7888